Szczegóły MARC21

A diachronic analysis of English impersonal constructions with an experiencer /

003 -Nazwa inst., której nr kontr. jest w polu 001 [,]
    • @
    • Nazwa instytucji, której n kontrolny jest w polu 001
    • NUKAT
005 -DATA I CZAS OSTATNIEJ MODYFIKACJI [,]
    • @
    • pole kontrolne
    • 20241231102533.0
020 -Międzynarod. znormalizowany nr książki - ISBN [ , ]
    • a
    • Numer ISBN
    • 8323303940 Find
040 -Instytucja sporządzająca opis [ , ]
    • a
    • Instytucja, która sporządziła opis (NP)
    • WR O/ZW
    • c
    • Instytucja, która sporządziła rekord (NP)
    • WR O/ZW
    • d
    • Instytucja, która zmodyfikowała rekord (P)
    • WR O/ZWs
    • d
    • Instytucja, która zmodyfikowała rekord (P)
    • WR O/LC
    • d
    • Instytucja, która zmodyfikowała rekord (P)
    • WR O/ZWs
942 -Rodzaj dokumentu [ , ]
    • c
    • Rodzaj dokumentu
    • Książka
100 -Hasło główne - nazwa osobowa [1, ]
    • a
    • Nazwa osobowa (NP)
    • Krzyszpień, Jerzy.
    • 9
    • KHW
    • 414444
245 -Strefa tytułu i oznaczenia odpowiedzialności [1,2]
    • a
    • Tytuł
    • A diachronic analysis of English impersonal constructions with an experiencer / Find
    • c
    • Pozostałe elementy strefy tytułu i oznaczenia odpowiedzialności (NP)
    • Jerzy Krzyszpień.
246 -Wariant tytułu [1,3]
    • a
    • Tytuł (NP)
    • De anglosaxonum linguae constructionibus impersonalibus, quibus experientis persona inest, diachronice tractatis
260 -Strefa adresu wydawniczego [ , ]
    • a
    • Miejsce wydania (P)
    • Kraków :
    • b
    • Nazwa wydawcy (P)
    • nakł. Uniwersytetu Jagiellońskiego,
    • c
    • Data wydania (P)
    • 1990.
300 -Strefa opisu fizycznego [ , ]
    • a
    • Określenie formy książki i/lub objętość (NP)
    • 153, [2] s. ;
    • c
    • Format (NP)
    • 24 cm.
336 -Typ zawartości [ , ]
    • a
    • Termin opisujący typ zawartości
    • Tekst
    • b
    • Kod określający zawartość
    • txt
    • 2
    • Źródło (terminu i kodu)
    • rdacontent
337 -Typ mediów [ , ]
    • a
    • Tryb odtwarzania
    • Bez urządzenia pośredniczącego
    • b
    • Kod typu mediów
    • n
    • 2
    • Źródło (terminu i kodu)
    • rdamedia
338 -Typ/rodzaj nośnika [ , ]
    • a
    • Hasło opisujące typ nośnika
    • Wolumin
    • b
    • Kod typu nośnika
    • nc
    • 2
    • Źródło (terminu i kodu)
    • rdacarrier
490 -Strefa serii i książki wielotomowej - forma nie do wyszukiwania [1, ]
    • a
    • Tytuł (P)
    • Zeszyty Naukowe Uniwersytetu Jagiellońskiego. Prace Językoznawcze, Find
    • x
    • ISSN (NP)
    • 0083-4378 ;
    • v
    • Numeracja (P)
    • z. 104
830 -Hasło dodatkowe serii i opisu książki wielotomowej - tytuł ujednolicony/tytuł [ ,0]
    • a
    • Tytuł ujednolicony/tytuł (NP)
    • Zeszyty Naukowe Uniwersytetu Jagiellońskiego
    • x
    • ISSN
    • 0860-0139
    • v
    • Oznaczenie tomu (NP)
    • 994
    • 9
    • KHW
    • 193
830 -Hasło dodatkowe serii i opisu książki wielotomowej - tytuł ujednolicony/tytuł [ ,0]
    • a
    • Tytuł ujednolicony/tytuł (NP)
    • Zeszyty Naukowe Uniwersytetu Jagiellońskiego.
    • p
    • Nazwa części/podserii/sekcji (P)
    • Prace Językoznawcze
    • x
    • ISSN
    • 0083-4378
    • v
    • Oznaczenie tomu (NP)
    • z. 104
    • 9
    • KHW
    • 17497
500 -Uwaga ogólna [ , ]
    • a
    • Uwaga ogólna (NP)
    • W serii gł. nr: 994.
080 -Uniwersalna Klasyfikacja Dziesiętna [ , ]
    • a
    • Symbol klasyfikacji
    • 802.0-5=20
650 -Hasło przedmiotowe [ ,7]
    • a
    • Hasło przedmiotowe
    • Język angielski
    • x
    • Określnik rzeczowy
    • semantyka.
    • 2
    • Źródło terminu
    • kaba
    • 9
    • KHW
    • 377067
650 -Hasło przedmiotowe [ ,7]
    • a
    • Hasło przedmiotowe
    • Język angielski
    • x
    • Określnik rzeczowy
    • gramatyka historyczna.
    • 2
    • Źródło terminu
    • kaba
    • 9
    • KHW
    • 414363
650 -Hasło przedmiotowe [ ,7]
    • a
    • Hasło przedmiotowe
    • Język angielski
    • x
    • Określnik rzeczowy
    • formy nieosobowe.
    • 2
    • Źródło terminu
    • kaba
    • 9
    • KHW
    • 414362
980 -Symbol UKD [ , ]
    • a
    • UKD
    • 802.0-5=20
920 -ISBN [ , ]
    • a
    • ISBN
    • 83-233-0394-0 Find
931 -Powiązanie tyt. z wydaw. ciągłym [ , ]
    • a
    • Powiązanie tytułówki z wydaw. ciągłym
    • PATRZ WYDAWNICTWO CIĄGŁE
    • z
    • Numer rek. powiązanego
    • 119238